Sekundárne prúdenie v turbínových lopatkových mrežiach

Gespeichert in:
Bibliographische Detailangaben
1. Verfasser: Hlbočan, Ján (Verfasst von)
Format: Buch
Sprache:Slawische Sprachen
Veröffentlicht: Bratislava : STU v Bratislave SjF, 2003
Schlagworte:
Tags: Tag hinzufügen
Keine Tags, Fügen Sie das erste Tag hinzu!

MARC

LEADER 00000nam a22000003a 4500
001 stu88473
005 20150617225627.8
008 040630s2003----xo------------------sla-d
040 |a STU  |b slo 
041 0 |a sla 
044 |a xo 
080 |a 62-135  |7 stu_us_auth*stu3298 
100 1 |a Hlbočan, Ján  |4 aut  |u J260  |U SjF Ústav tepelnej energetiky  |T SjF Katedra tepelnej energetiky  |U J260  |Y 49 
245 1 |a Sekundárne prúdenie v turbínových lopatkových mrežiach 
260 |a Bratislava :  |b STU v Bratislave SjF,  |c 2003 
300 |a 252 s 
650 7 |a turbostroje  |2 stusub 
996 |b 284J021613  |c J*102492  |l JJST  |s P  |a 0  |w stu88473_0001